000 00362nam a2200145Ia 4500
008 230917s9999||||xx |||||||||||||| ||und||
040 _e55921
_aMAIN
041 _aEnglish
082 _a823.7 D555C:T
100 _aCockshut, A O J
245 0 _aImagination of Charles Dickens
260 _aLondon
_bUniversity Paperback
_c1965
300 _a192 p.
942 _cBK
999 _c60225
_d60225